Track and Field Events - Statistics

General Stats
  • This quiz has been taken 119 times
  • The average score is 9 of 14
Answer Stats
Answer % Correct
100 meters
99%
200 meters
99%
400 meters
98%
800 meters
95%
Long Jump
81%
Shot Put
79%
High Jump
77%
1600 meters
69%
Discus
68%
4 by 100 meter relay
60%
4 by 400 meter relay
59%
4 by 800 meter relay
42%
110 meter hurdles
8%
100 meter hurdles
7%
No matching quizzes found
Score Distribution
Percent of People with Each Score
Percentile by Number Answered
Your Score History
You have not taken this quiz